000 00546nam a2200193 a 4500
001 1770453312951
003 YourLibrary
005 20260207140844.0
008 260207s1990##################000#0#eng##
020 _a9783631425633
082 0 4 _a330.9
_bCOL
100 1 _aCollier, Jane,
_eauthor.
245 1 0 _aThe Culture of Economism :
260 _bPeter Lang Gmbh, Internationaler Verlag Der Wissenschaften,
_c1990.
300 _a436 pages
650 0 _aBusiness & Economics.
942 _cENGLISH
040 _aYourLibrary
_beng
_cYourLibrary
999 _c611054
_d611054